|
|
|
|
| LEADER |
01434nam a22002777a 4500 |
| 001 |
36626 |
| 003 |
BD-DhAAL |
| 005 |
20191114151751.0 |
| 008 |
191114t2019 bg a|||| |||| 001 0 eng d |
| 999 |
|
|
|c 41821
|d 41821
|
| 020 |
|
|
|a 9789845062794
|
| 040 |
|
|
|a BD-DhAAL
|
| 082 |
|
|
|a 720.95492
|2 22
|
| 245 |
|
|
|a Aspirations and ideas :
|b designing with context /
|c edited by Mohammed Zakiul Islam ; Saimum Kabir
|
| 260 |
|
|
|a Dhaka :
|b University Press Limited,
|c 2019
|
| 300 |
|
|
|a vi, 278 pages :
|b color illustrations ;
|c 27 cm
|
| 500 |
|
|
|a Includes index.
|
| 526 |
|
|
|a ARC
|
| 541 |
|
|
|a Complimentary copy from the Department of Architecture
|e 36626, 36627
|
| 650 |
|
|
|a Architecture
|z Bangladesh
|x Designs and plans.
|9 37146
|
| 700 |
|
|
|a Islam, Mohammed Zakiul
|9 37147
|
| 700 |
|
|
|a Kabir, Saimum
|9 37148
|
| 852 |
|
|
|a Ayesha Abed Library
|c General Stacks
|
| 942 |
|
|
|2 ddc
|c BK
|
| 952 |
|
|
|0 0
|1 0
|2 ddc
|4 0
|6 720_954920000000000_ASP
|7 0
|9 67151
|a BRACUL
|b BRACUL
|c GEN
|d 2019-11-14
|e Complimentary copy from the Department of Architecture
|l 6
|m 28
|o 720.95492 ASP
|p 3010036626
|q 2026-04-19
|r 2026-04-12
|s 2026-04-12
|t 1
|w 2019-11-14
|y BK
|x Transferred from ARC to BRACUL on 28/12/2023
|
| 952 |
|
|
|0 0
|1 0
|2 ddc
|4 0
|6 720_954920000000000_ASP
|7 0
|9 67152
|a BRACUL
|b BRACUL
|c GEN
|d 2019-11-14
|e Complimentary copy from the Department of Architecture
|l 6
|m 30
|o 720.95492 ASP
|p 3010036627
|q 2026-06-29
|r 2024-08-14
|s 2024-08-14
|t 2
|w 2019-11-14
|y BK
|x Transferred from ARC to BRACUL on 28/12/2023
|